000
00325nam a22001457a 4500
008
210305b ||||| |||| 00| 0 eng d
020
_a
9780486617084
041
_a
eng
080
_a
91
082
_a
91
100
_a
42
101
_a
GJEO
245
_a
The Origin of Continents and Oceans
_c
Wegener, A
942
_2
udc
_c
BK
999
_c
55859
_d
55859